A third crossword puzzle book

Guardat en:
Dades bibliogràfiques
Autors principals: Hill, L. A (Autor), Popkin, P. R (Autor)
Format: Llibre
Idioma:anglès
Publicat: Oxford Oxford University Press 1985
Matèries:
Etiquetes: Afegir etiqueta
Sense etiquetes, Sigues el primer a etiquetar aquest registre!

MARC

LEADER 00000nam a2200000 a 4500
001 UCY9143
003 CL-VaPUC
008 950713e19850000UK |||||||||||||||||eng|d
082 0 4 |a 428  |b HIL  |2 21 
100 |a Hill, L. A  |e author  |9 341166 
700 0 |a Popkin, P. R  |e author  |9 341165 
245 1 2 |a A third crossword puzzle book 
300 |a 40 p 
942 |c BK 
945 |d 19950713 00:00:00  |a rbrito 
260 |a Oxford  |b Oxford University Press  |c 1985 
650 0 |a Inglés  |9 260023 
650 0 |a Vocabularios  |9 316229 
583 |a last modification  |c 19950713 00:00:00  |k Rodrigo Vera 
999 |c 236274  |d 236272 
952 |0 0  |1 0  |4 0  |6 428_000000000000000_HIL_1985  |7 0  |8 P  |9 244301  |a BIBEDU  |b BIBEDU  |c BIBEDU_PB  |d 2019-11-18  |i 3098303  |o 428 HIL 1985  |p 3098303  |r 2024-01-25  |w 2019-11-18  |y BK  |k FIL